[Event "Harrogate 4NCL op-C 29th"]
[Site "Harrogate"]
[Date "2023.01.20"]
[Round "1"]
[White "Mulholland, Glenn"]
[Black "Hollyman, Mike"]
[Result "1/2-1/2"]
[WhiteElo "1640"]
[BlackElo "1444"]
[PlyCount "126"]
[EventDate "2023.01.20"]
[EventType "swiss"]
[EventRounds "5"]
[EventCountry "ENG"]
[SourceTitle "CBM 212 Extra"]
[Source "ChessBase"]
[SourceDate "2023.03.31"]
[SourceVersion "1"]
[SourceVersionDate "2023.03.31"]
[SourceQuality "1"]

1. d4 Nf6 2. Bf4 d5 3. e3 c5 4. c3 Nc6 5. Nf3 Bg4 6. Nbd2 e6 7. Qb3 Qb6 8. Bb5 Be7 9. Ne5 0-0 10. Bxc6 bxc6 11. Qxb6 axb6 12. Nxc6 Rfe8 13. Nxe7+ Rxe7 14. dxc5 e5 15. Bg5 bxc5 16. 0-0 Rea7 17. a3 Rb7 18. b4 Rba7 19. bxc5 Rc7 20. Bxf6 gxf6 21. e4 Rxc5 22. exd5 Rxc3 23. Ne4 Rc4 24. Nxf6+ Kg7 25. Nxg4 Rxg4 26. Rfd1 Kf8 27. d6 Rd4 28. Rxd4 exd4 29. f4 Rd8 30. Rd1 Rxd6 31. Rd3 Ke7 32. Kf2 Ra6 33. Kf3 Ke6 34. Ke4 Ra4 35. f5+ Kf6 36. g4 Kg5 37. h3 Kf6 38. Kd5 Kg5 39. Ke5 h6 40. f6 Kg6 41. h4 Ra6 42. Rf3 Ra4 43. Kd6 d3 44. h5+ Kg5 45. Rxd3 Kxf6 46. Rf3+ Kg5 47. Rg3 Kf4 48. Rb3 Kg5 49. Ke7 f5 50. gxf5 Kxf5 51. Rg3 Kf4 52. Rg6 Rxa3 53. Kf7 Kf5 54. Kg7 Rh3 55. Kxh6 Rh4 56. Rg5+ Kf6 57. Rg6+ Kf5 58. Ra6 Re4 59. Kg7 Re7+ 60. Kf8 Rh7 61. h6 Rd7 62. Kg8 Kg5 63. h7 Rd8+ 1/2-1/2

[Event "Harrogate 4NCL op-C 27th"]
[Site "Harrogate"]
[Date "2022.01.22"]
[Round "2"]
[White "Kirilenkovs, Juris"]
[Black "Hollyman, Mike"]
[Result "1-0"]
[WhiteElo "1248"]
[BlackElo "1598"]
[PlyCount "45"]
[EventDate "2022.01.21"]
[EventType "swiss"]
[EventRounds "5"]
[EventCountry "ENG"]
[SourceTitle "CBM 206 Extra"]
[Source "ChessBase"]
[SourceDate "2022.03.31"]
[SourceVersion "1"]
[SourceVersionDate "2022.03.31"]
[SourceQuality "1"]

1. e4 d5 2. d3 dxe4 3. Nc3 exd3 4. Qxd3 Qxd3 5. Bxd3 Nc6 6. Bf4 e5 7. Bg3 Nge7 8. 0-0-0 Be6 9. Nge2 Ng6 10. f4 f5 11. Bb5 Bd6 12. Bxc6+ bxc6 13. fxe5 Nxe5 14. Nd4 Kf7 15. Rhe1 Kf6 16. Nxc6 Nxc6 17. Bxd6 Rhe8 18. Bxc7 Rac8 19. Bf4 Nb4 20. Be5+ Kf7 21. a3 Nc6 22. Bf4 Ne7 23. Nb5 1-0